000 00416nam a2200145Ia 4500
008 220216s9999 xx 000 0 und d
100 _aPuskas J E
245 0 _aPolyisobutylene-based thermoplastic elastomers : A review (1996 reviews)
260 _bRubber Chemistry and Technology
_c1996
300 _a462-475
650 _a1996 reviews
650 _aThermoplastic elastomers
700 _aKaszas G
942 _cJS
999 _c65248
_d65248